Гидравлический расчет участка магистрального нефтепровода Александровское-Анжеро-Судженск в программном комплексе PIPESIM; Проблемы геологии и освоения недр; Т. 2

Bibliographische Detailangaben
Parent link:Проблемы геологии и освоения недр: труды XVII Международного симпозиума имени академика М. А. Усова студентов и молодых ученых, Томск, 1-5 апреля 2013 г./ Национальный исследовательский Томский политехнический университет (ТПУ), Институт природных ресурсов (ИПР) ; Общество инженеров-нефтяников, Студенческий чаптер ; под ред. А. Ю. Дмитриева.— , 2013
Т. 2.— 2013.— [С. 480-482]
1. Verfasser: Реутов Ю. А.
Körperschaft: Национальный исследовательский Томский политехнический университет (ТПУ) Институт природных ресурсов (ИПР) Кафедра транспорта и хранения нефти и газа (ТХНГ)
Weitere Verfasser: Рудаченко А. В. Александр Валентинович (научный руководитель)
Zusammenfassung:Заглавие с экрана
Sprache:Russisch
Veröffentlicht: 2013
Schriftenreihe:Моделирование процессов при транспортировке нефти и газа
Schlagworte:
Online-Zugang:http://www.lib.tpu.ru/fulltext/c/2013/C11/V2/227.pdf
Format: Elektronisch Buchkapitel
KOHA link:https://koha.lib.tpu.ru/cgi-bin/koha/opac-detail.pl?biblionumber=605262

MARC

LEADER 00000naa2a2200000 4500
001 605262
005 20260225163347.0
035 |a (RuTPU)RU\TPU\conf\2547 
035 |a RU\TPU\conf\2545 
090 |a 605262 
100 |a 20140407d2013 k y0rusy50 ca 
101 0 |a rus 
102 |a RU 
135 |a arnn ---uucaa 
181 0 |a i  
182 0 |a b 
200 1 |a Гидравлический расчет участка магистрального нефтепровода Александровское-Анжеро-Судженск в программном комплексе PIPESIM  |f Ю. А. Реутов  |g науч. рук. А. В. Рудаченко 
203 |a Текст  |c электронный 
225 1 |a Моделирование процессов при транспортировке нефти и газа 
300 |a Заглавие с экрана 
320 |a [Библиогр.: с. 482 (2 назв.)] 
337 |a Adobe Reader 
461 1 |0 (RuTPU)RU\TPU\conf\37  |t Проблемы геологии и освоения недр  |o труды XVII Международного симпозиума имени академика М. А. Усова студентов и молодых ученых, Томск, 1-5 апреля 2013 г.  |o в 2 т.  |f Национальный исследовательский Томский политехнический университет (ТПУ), Институт природных ресурсов (ИПР) ; Общество инженеров-нефтяников, Студенческий чаптер ; под ред. А. Ю. Дмитриева  |d 2013 
463 1 |0 (RuTPU)RU\TPU\conf\39  |t Т. 2  |v [С. 480-482]  |d 2013 
610 1 |a труды учёных ТПУ 
610 1 |a электронный ресурс 
610 1 |a гидравлические расчеты 
610 1 |a магистральные нефтепроводы 
610 1 |a Александровское-Анжеро-Судженск нефтепровод 
610 1 |a программные комплексы 
610 1 |a PIPESIM 
700 1 |a Реутов  |b Ю. А. 
702 1 |a Рудаченко  |b А. В.  |c специалист в области нефтегазового дела  |c доцент Томского политехнического университета, кандидат технических наук  |f 1949-  |g Александр Валентинович  |4 727 
712 0 2 |a Национальный исследовательский Томский политехнический университет (ТПУ)  |b Институт природных ресурсов (ИПР)  |b Кафедра транспорта и хранения нефти и газа (ТХНГ)  |3 (RuTPU)RU\TPU\col\18661 
801 2 |a RU  |b 63413507  |c 20230316  |g RCR 
856 4 |u http://www.lib.tpu.ru/fulltext/c/2013/C11/V2/227.pdf 
942 |c CF